000 01224nam a22002537a 4500
005 20180803165515.0
008 131119b2006 ck ||||| |||| 00| 0 spa d
041 _aspa
044 _ack
090 _aIAVH
_b00913
100 _aCuadros-Gladis
_92799
245 _aGiras tecnicas "Herramientas de manejo del paisaje como estrategia para la conservacion de la Biodiversidad"
260 _aArmenia
_bInstituto de Investigación de Recursos Biológicos Alexander von Humboldt
_bAsociacion Red Colombia de Reservas Naturales de la Sociedad Civil
_c2006
300 _a79 p.
_bil
_c27 cm
500 _aInforme tecnico
520 _aEl presente informe contiene el documento de contenidos minimos y mensajes claves para la orientacion de las giras,la agenda (fechas,horas,temas,reocorridos,lugares,metodologia y responsables),el sistema de evaluacion tecnica de la efectividad de la gira (formatos y analisis).
650 _aHerramientas de manejo / conservación / paisaje rural / biodiversidad
_92800
650 _aConservación
_992401
650 _aBiodiversidad
_992204
650 _aPaisaje rural
_992518
700 _aUribe Restrepo-Daniel
_92801
700 _aLópez Guzmán-Jorge Hernán
_92757
942 _2z
_cImpreso
999 _c7862
_d7862